Culture Générale - Série 308 - Statistiques

Statistiques générales
  • Ce quiz a été pris 255 fois
  • Le résultat moyen est 5 sur 10
Statistiques - réponses
Question Réponse % Correct
Dans "Blanche-Neige et les sept nains" quel nain n'est jamais content ? Grincheux
93%
Dans son titre "Le Chanteur", comment Daniel Balavoine se prénomme-t-il ? Henri
79%
Dans la mythologie romaine quel héros a tué l'Hydre de Lerne ? Hercule
69%
Quelle femme écrivain est l'auteur de "La Petite Fadette" ? George Sand
61%
Quel était le prénom de Zappa, le grand guitariste ? Frank
49%
Dans quelle série des années 1970 y a-t-il un personnage nommé Fonzie ? Happy Days
43%
Quel était le prénom du chef d'orchestre von Karajan ? Herbert
33%
Quelle émission télévisée a révélé Alizée et Jean Dujardin ? Graines de star
28%
A quel humoriste doit-on les sketchs "Bonne Fête Paulette" et Carton rose ? Guy Bedos
25%
En 1961, qui est l'interprète du titre "Il n' y a plus d'après" ? Guy Béart
8%
Aucun quiz correspondant
Distribution des résultats
% des personnes avec chaque résultat
Percentile par nombre de réponses
Votre historique - résultats
Vous n’avez pas pris ce quiz